logo

Bir Sreshtho Munshi Abdur Rouf Library
Jhenaidah Cadet College

The making of modern America / (Record no. 7484)

MARC details
000 -LEADER
fixed length control field 00658cam a2200229u 4500
001 - CONTROL NUMBER
JCCL Control Number 7484
003 - CONTROL NUMBER IDENTIFIER
JCCL marc code BD-JhCC
005 - DATE AND TIME OF LATEST TRANSACTION
control field 20180211101015.0
008 - FIXED-LENGTH DATA ELEMENTS--GENERAL INFORMATION
fixed length control field 821208s1956 maua 000 0 eng
035 ## - SYSTEM CONTROL NUMBER
system control number (BD-JhCC)7484
040 ## - CATALOGING SOURCE
Original cataloging agency DLC
Transcribing agency CarP
Modifying agency DLC
-- BD-JhCC
041 ## - LANGUAGE CODE
Language code of Book eng
050 00 - LIBRARY OF CONGRESS CALL NUMBER
Classification number E178.1
Item number .C184 1956
082 ## - DEWEY DECIMAL CLASSIFICATION NUMBER
Author mark and Year CAN 1956
Classification number 973
100 1# - MAIN ENTRY--PERSONAL NAME
Personal name Canfield, Leon H.
Fuller form of name (Leon Hardy),
Dates associated with a name 1886-
245 14 - TITLE STATEMENT
Title The making of modern America /
Statement of responsibility, etc Leon H. Canfield, Howard Baker Wilder,
260 ## - PUBLICATION, DISTRIBUTION, ETC. (IMPRINT)
Place of publication, distribution, etc [Boston]
Name of publisher, distributor, etc Houghton Mifflin Co.
Date of publication, distribution, etc [c1956]
300 ## - PHYSICAL DESCRIPTION
Pagination 784 p.
Other physical details illus.
Dimensions 25 cm.
700 1# - ADDED ENTRY--PERSONAL NAME
Personal name Wilder, Howard Baker,
Dates associated with a name 1901-
942 ## - ADDED ENTRY ELEMENTS (KOHA)
Source of classification or shelving scheme Dewey Decimal Classification
Koha item type Books
Holdings
Source of classification or shelving scheme Damaged status Not for loan Home library Current library Shelving location Date of accession Total Checkouts Full call number Barcode Date last seen Copy number Koha item type
Dewey Decimal Classification     JCC Rouf Library JCC Rouf Library General Stacks 02/12/2018   973 CAN 1956 10113 02/10/2018 C - 1 Books

JCC Library | Contacts | JCC Home

Last Update on 23 September 2017
Copyright @ 2017-2020 JCC Rouf Library
Rouf Library, Jhenidah Cadet College (JCC), Bangladesh